Heráclito: el esplendente

Salvato in:
Dettagli Bibliografici
Autore principale: Rivera Cruchaga, Jorge Eduardo (autor)
Natura: Libro
Lingua:spagnolo
Pubblicazione: Santiago Brickle 2006
Edizione:1a. ed
Serie:Colección Grandes Pensadores
Soggetti:
Tags: Aggiungi Tag
Nessun Tag, puoi essere il primo ad aggiungerne!!

MARC

LEADER 00000nam a2200000 a 4500
001 UCJ2601
003 CL-VaPUC
005 20250131113747.0
008 070104e20060000CL |||||||||||||||||spa|d
999 |c 318796  |d 318794 
020 |a 9568588035 
040 |c Pontificia Universidad Católica de Valparaíso 
082 0 4 |a 182.4  |b RIV  |2 21 
100 |a Rivera Cruchaga, Jorge Eduardo  |e autor  |9 896065 
245 1 0 |a Heráclito: el esplendente 
250 |a 1a. ed 
260 |a Santiago  |b Brickle  |c 2006 
300 |a 170 p 
490 0 |a Colección Grandes Pensadores 
583 |a last modification  |c 20070104 00:00:00  |k Rodrigo Vera 
600 0 |a HERACLITO  |9 848988 
650 0 |a Filosofía antigua   |9 255705 
650 0 |a Presocráticos  |9 325852 
942 |c BK  |2 ddc 
945 |d 20070104 00:00:00  |a jtorresc 
952 |0 0  |1 0  |4 0  |6 182_400000000000000_RIV_2006  |7 0  |8 A  |9 396922  |a BIBARQ  |b BIBARQ  |d 2019-11-22  |i 4306120  |l 1  |o 182.4 RIV 2006  |p 4306120  |r 2025-01-20  |s 2020-03-06  |w 2019-11-22  |y BK  |k ARQ